<?xml version="1.0" encoding="UTF-8"?>
<record
    xmlns:xsi="http://www.w3.org/2001/XMLSchema-instance"
    xsi:schemaLocation="http://www.loc.gov/MARC21/slim http://www.loc.gov/standards/marcxml/schema/MARC21slim.xsd"
    xmlns="http://www.loc.gov/MARC21/slim">

  <leader>01519nam a2200313 a 4500</leader>
  <controlfield tag="001">BRCA_5111</controlfield>
  <controlfield tag="005">20190320204938.0</controlfield>
  <controlfield tag="008">191110s1861----mx-######v---#000-0#spa-#</controlfield>
  <datafield tag="041" ind1=" " ind2=" ">
    <subfield code="a">spa</subfield>
  </datafield>
  <datafield tag="044" ind1=" " ind2=" ">
    <subfield code="a">mx</subfield>
  </datafield>
  <datafield tag="084" ind1=" " ind2=" ">
    <subfield code="a">DOC110</subfield>
    <subfield code="b">.A48</subfield>
    <subfield code="c">1861</subfield>
  </datafield>
  <datafield tag="100" ind1="1" ind2=" ">
    <subfield code="a">Altamirano, Ignacio Manuel</subfield>
    <subfield code="c">Zarco</subfield>
    <subfield code="d">1834-1893</subfield>
    <subfield code="9">13036</subfield>
  </datafield>
  <datafield tag="245" ind1="1" ind2="0">
    <subfield code="a">Documento firmado por Don [Ignacio Manuel Altamirano] dirigido a Don Eduardo de Goroztiza</subfield>
    <subfield code="c">[Ignacio Manuel Altamirano] ; Eduardo de Goroztiza.</subfield>
  </datafield>
  <datafield tag="260" ind1=" " ind2=" ">
    <subfield code="a">M&#xE9;xico</subfield>
    <subfield code="c">1861</subfield>
  </datafield>
  <datafield tag="300" ind1=" " ind2=" ">
    <subfield code="a">[1] foja</subfield>
    <subfield code="c">33 x 22 cm.</subfield>
  </datafield>
  <datafield tag="500" ind1=" " ind2=" ">
    <subfield code="a">Documento firmado el 7 de abril de 1861.</subfield>
  </datafield>
  <datafield tag="500" ind1=" " ind2=" ">
    <subfield code="a">Documento en el cual Zarco [Manuel Altamirano] escribe a Goroztiza. Comunic&#xE1;ndole  que por sus meritos se le nombra jefe de la Secci&#xF3;n de Am&#xE9;rica con un sueldo anual de </subfield>
    <subfield code="2">,400.</subfield>
  </datafield>
  <datafield tag="500" ind1=" " ind2=" ">
    <subfield code="a">Al margen inscripci&#xF3;n que dice: &#xB4;SECRETARIA DE ESTADO Y DEL DESPACHO DE RELACIONES EXTERIORES DE GOBERNACION&#xB4;.</subfield>
  </datafield>
  <datafield tag="500" ind1=" " ind2=" ">
    <subfield code="a">Documento firmado bajo el seud&#xF3;nimo de &#xB4;Zarco&#xB4;.</subfield>
  </datafield>
  <datafield tag="500" ind1=" " ind2=" ">
    <subfield code="a">El documento contiene la leyenda DOC. #274.</subfield>
  </datafield>
  <datafield tag="506" ind1="0" ind2=" ">
    <subfield code="a">Fondo Reservado. Para su consulta es necesario credencial de usuario y carta de motivos.</subfield>
  </datafield>
  <datafield tag="546" ind1=" " ind2=" ">
    <subfield code="a">Texto en: espa&#xF1;ol de mediados del siglo XIX.</subfield>
  </datafield>
  <datafield tag="600" ind1="1" ind2="4">
    <subfield code="a">Altamirano, Ignacio Manuel</subfield>
    <subfield code="c">Zarco</subfield>
    <subfield code="d">1834-1839</subfield>
    <subfield code="x">Historia</subfield>
    <subfield code="9">13037</subfield>
  </datafield>
  <datafield tag="650" ind1="1" ind2="4">
    <subfield code="a">Documentos legales</subfield>
    <subfield code="v">Manuscritos</subfield>
    <subfield code="x">Historia</subfield>
    <subfield code="9">12814</subfield>
  </datafield>
  <datafield tag="651" ind1=" " ind2="4">
    <subfield code="a">M&#xE9;xico</subfield>
    <subfield code="x">Historia</subfield>
    <subfield code="y">Constituci&#xF3;n y reforma, 1855-1863</subfield>
    <subfield code="9">13038</subfield>
  </datafield>
  <datafield tag="700" ind1="1" ind2=" ">
    <subfield code="a">Goroztiza, Eduardo de</subfield>
    <subfield code="d">1815-?</subfield>
    <subfield code="9">13039</subfield>
  </datafield>
  <datafield tag="902" ind1=" " ind2=" ">
    <subfield code="a">FDH</subfield>
  </datafield>
  <datafield tag="942" ind1=" " ind2=" ">
    <subfield code="2">lcc</subfield>
    <subfield code="c">D</subfield>
  </datafield>
  <datafield tag="999" ind1=" " ind2=" ">
    <subfield code="c">4805</subfield>
    <subfield code="d">4805</subfield>
  </datafield>
  <datafield tag="952" ind1=" " ind2=" ">
    <subfield code="0">0</subfield>
    <subfield code="1">0</subfield>
    <subfield code="4">0</subfield>
    <subfield code="7">0</subfield>
    <subfield code="a">BRCA</subfield>
    <subfield code="b">BRCA</subfield>
    <subfield code="d">2010-11-19</subfield>
    <subfield code="l">0</subfield>
    <subfield code="o">DOC110 .A48 1861</subfield>
    <subfield code="p">5337</subfield>
    <subfield code="r">2019-03-22 00:00:00</subfield>
    <subfield code="w">2019-03-22</subfield>
    <subfield code="y">D</subfield>
  </datafield>
</record>
